000 00319nam a22001337a 4500
020 _a9789350141915
082 _a671.52
100 _aGarg, G.D.
245 _aA Textbook of Welding Technology
260 _aNew Delhi :
_bS.K.Kataria & Sons,
_c2011.
300 _a364 p. ;
_b24 cm.
500 _aPaperback.
942 _cBK
999 _c34193
_d34193